00370 2200157 4500001002100000005001500021035002000036245003900056100002000095300001100115260003400126082000800160084001400168020001800182990001200200INLIS00000000000190120250520092939 a0010-05250001931 aTendangan Husni /cSuratini Eko P.0 aSuratini Eko P. a70 hlm aJakarta :bCV. Ghina Walafafa a813 a813 SUR t a979-15950-3-2 a0754787